000 01594nam a2200229Ii 4500
008 221202s xx 000 0 und d
245 0 _aConfiguring Masculinity in Theory and Literary Practice
264 _bBrill
_c2015
300 _a1 online resource
336 _atext
_btxt
_2rdacontent
337 _acomputer
_bc
_2rdamedia
338 _aonline resource
_bcr
_2rdacarrier
520 _aConfiguring Masculinity in Theory and Literary Practice combines a critical survey of the most current developments in the emergent field of Masculinity Studies with both a historical overview of how masculinity has been constructed within British Literature from the Middle Ages to the present and a special focus on developments in the 20th and 21st centuries. The volume combines seminal articles on the most important concepts in Masculinity Studies by acknowledged experts such as Raewyn Connell, Todd Reeser, and Richard Collier with new and innovative analyses of key British literary texts combining Literary and Cultural Studies approaches with those currently deployed in Masculinity Studies, Gender Studies, Legal Studies, Postcolonial Studies as well as methodologies derived from sociology.
653 _aEnglish, Irish, Scottish, Welsh
653 _aEuropean
653 _aLiterary Criticism
653 _aLiterary Criticism
653 _aSubjects & Themes
700 1 _aHorlacher, Stefan
856 _uhttps://docs.google.com/spreadsheets/d/1yKIrdCPDAG_9c22mwoOIO2DOhtj65Wqa/edit?usp=sharing&ouid=106555315294820607512&rtpof=true&sd=true
_yList of Curated E-Books
942 _cE-BOOK
999 _c92472
_d92469